Computer graphics: principles and practice
Uloženo v:
| Hlavní autor: | |
|---|---|
| Médium: | Kniha |
| Jazyk: | angličtina |
| Vydáno: |
Boston
Addison-Wesley
1996
|
| Vydání: | 2a. ed |
| Edice: | The Systems Programming Series
|
| Témata: | |
| Tagy: |
Přidat tag
Žádné tagy, Buďte první, kdo vytvoří štítek k tomuto záznamu!
|
MARC
| LEADER | 00000nam a2200000 a 4500 | ||
|---|---|---|---|
| 001 | UCM7338 | ||
| 003 | CL-VaPUC | ||
| 008 | 021213e19960000US |||||||||||||||||eng|d | ||
| 082 | 0 | 4 | |a 006.6 |b FOL |2 21 |
| 100 | 0 | |a Foley, James D |e author |9 472909 | |
| 245 | 1 | 0 | |a Computer graphics: principles and practice |
| 250 | |a 2a. ed | ||
| 300 | |a 1175 p | ||
| 942 | |c BK | ||
| 945 | |d 20021213 00:00:00 |a vberengu | ||
| 260 | |a Boston |b Addison-Wesley |c 1996 | ||
| 650 | 0 | |a Gráficos por computador |9 262412 | |
| 583 | |a last modification |c 20021213 00:00:00 |k Rodrigo Vera | ||
| 490 | 0 | |a The Systems Programming Series | |
| 999 | |c 302181 |d 302179 | ||
| 952 | |0 0 |1 0 |4 0 |6 006_600000000000000_FOL_1996 |7 0 |8 A |9 362288 |a BIBING |b BIBING |d 2019-11-21 |i 3869113 |o 006.6 FOL 1996 |p 3869113 |r 2025-01-20 |w 2019-11-21 |y BK |k CCI | ||
| 952 | |0 0 |1 0 |4 0 |6 006_600000000000000_FOL_1996 |7 0 |8 A |9 362289 |a BIBING |b BIBING |d 2019-11-21 |i 3869121 |o 006.6 FOL 1996 |p 3869121 |r 2025-01-20 |w 2019-11-21 |y BK |k CCI | ||